Le dernier Molière (Des Fourberies de Scapin au Malade Imaginaire)

Na minha lista:
Detalhes bibliográficos
Autor principal: Garapon, Robert
Formato: Livro
Idioma:Undetermined
Publicado em: París, Francia SEDES 1977
Assuntos:
Tags: Adicionar Tag
Sem tags, seja o primeiro a adicionar uma tag!

MARC

LEADER 00000nam a2200000Ia 4500
008 170316s9999 xx 000 0 und d
040 |a cru BVZT 
090 |a C-840 G-1d 
100 |a Garapon, Robert 
245 |a Le dernier Molière (Des Fourberies de Scapin au Malade Imaginaire) 
260 |a París, Francia 
260 |b SEDES 
260 |c 1977 
300 |a 253 páginas 
650 |a LITERATURA FRANCESA 
650 |a CRÍTICA 
999 |c 12973  |d 12973 
942 |c 15 D  |h C-840 G-1d  |2 z